000 01104cam a2200301La 4500
020 _a058525043X (electronic bk.)
082 0 4 _a620.1
_bMCL
_cL-5, P-37
100 1 _aNelson, E. W.
_940680
245 1 0 _aSchaum's outline of theory and problems of engineering mechanics
_bstatics and dynamics.
250 _a5th ed. /
260 _aNew York :
_bMcGraw-Hill,
_cc1998.
300 _aviii, 520 p. :
_bill. ;
_c28 cm.
490 1 _aSchaum's electronic tutor
490 1 _aSchaum's outline series
500 _aErratum slip inserted.
500 _aIncludes index.
500 _aRev. ed. of: Schaum's outline of theory and problems of engineering mechanics / by W.G. McLean and E.W. Nelson. 4th ed. c1988.
526 _a0
_b0
_c0
_d620_100000000000000_MCL
650 0 _aMechanics, Applied.
_913090
650 6 _aMCE
_9379
650 6 _aMécanique appliquée.
700 1 _aBest, Charles L.
_940681
700 1 _aMcLean, W. G.
_940674
700 1 _aMcLean, W. G.
_940674
710 2 _aNetLibrary, Inc.
_935918
856 4 _uhttp://www.columbia.edu/cgi-bin/cul/resolve?clio4242680
942 _2ddc
_cBK
999 _c544932
_d544932